| 000 | 00410nam a2200145Ia 4500 | ||
|---|---|---|---|
| 008 | 230917s9999||||xx |||||||||||||| ||und|| | ||
| 040 |
_e161514 _aMAIN |
||
| 041 | _aEnglish | ||
| 082 | _a341.2 K147I | ||
| 100 | _aKarns, Margaret P | ||
| 245 | 0 | _aInternational origanizations: The politics and processes of global governance | |
| 260 |
_aNew Delhi _bViva Books _c2005 |
||
| 300 | _axii, 603 p. | ||
| 942 | _cBK | ||
| 999 |
_c155777 _d155777 |
||